000 00341nam a2200133Ia 4500
008 230917s9999||||xx |||||||||||||| ||und||
040 _e94152
_aMAIN
041 _aEnglish
082 _a616.01 A67S
100 _aArora, Vinod
245 0 _aStudy on haemolytic escherichici coli from urinary tract infection
300 _a65 p.
942 _cTH
999 _c54851
_d54851